Cities in New England - Sudden Death - Statistics

General Stats
  • This quiz has been taken 105 times
  • The average score is 8 of 12
Answers on the Grid
Answers color-coded by a green-red scale on the quiz's grid according to % correct below.
Boston
Yonkers
Erfurt
Lublin
Montpelier
Concord
Utica
Oxnard
Hershey
Burlington
Dijon
Trenton
Worcester
Washington D.C.
Hartford
Knoxville
Portland
Ogden
Springfield
Aurora
Providence
Little Rock
Bend
Cedar Rapids
Langley
Salem
Bangor
Manchester
Albany
Roswell
 
Answer Stats
Answer % Correct
Boston
93%
Worcester
68%
Manchester
67%
Burlington
65%
Montpelier
65%
Concord
63%
Portland
63%
Providence
61%
Hartford
58%
Salem
56%
Springfield
54%
Bangor
53%
No matching quizzes found
Score Distribution
Percent of People with Each Score
Percentile by Number Answered
Your Score History
You have not taken this quiz